[Event "Tata Steel India Blitz"]
[Site "Kolkata IND"]
[Date "2022.12.03"]
[Round "1.1"]
[White "Praggnanandhaa, R"]
[Black "So, Wesley"]
[Result "1-0"]
[WhiteTitle "GM"]
[BlackTitle "GM"]
[WhiteElo "2684"]
[BlackElo "2760"]
[WhiteFideId "25059530"]
[BlackFideId "5202213"]
[EventDate "2022.12.03"]

1. Nf3 c5 2. g3 Nc6 3. Bg2 g6 4. c3 Bg7 5. d4 cxd4 6. cxd4 d5 7. Nc3 Nf6 8. Ne5
O-O 9. Nxc6 bxc6 10. O-O Bf5 11. Bf4 Nh5 12. Bg5 h6 13. Be3 c5 14. Nxd5 e6 15.
Nf4 Nxf4 16. Bxf4 cxd4 17. Bxa8 Qxa8 18. f3 e5 19. Bd2 e4 20. Rc1 e3 21. Bb4 Rb8
22. Ba3 d3 23. g4 Bxb2 24. gxf5 Bxa3 25. Rc3 dxe2 26. Qxe2 Bb4 27. Rb3 Ba5 28.
fxg6 fxg6 29. Qc4+ Kh8 30. Qd4+ Kh7 31. Qd7+ Kh8 32. Qd4+ Kh7 33. Qd7+ Kh8 34.
Qe6 Rxb3 35. axb3 Qf8 36. Qe5+ Kh7 37. Qxa5 1-0

[Event "Tata Steel India Blitz"]
[Site "Kolkata IND"]
[Date "2022.12.03"]
[Round "1.5"]
[White "Vidit, Santosh Gujrathi"]
[Black "Maghsoodloo, Parham"]
[Result "0-1"]
[WhiteTitle "GM"]
[BlackTitle "GM"]
[WhiteElo "2730"]
[BlackElo "2719"]
[WhiteFideId "5029465"]
[BlackFideId "12539929"]
[EventDate "2022.12.03"]

1. d4 Nf6 2. Nf3 d5 3. Bf4 c5 4. e3 Nc6 5. Nbd2 cxd4 6. exd4 Qb6 7. Nb3 Bf5 8.
c3 e6 9. a4 a6 10. a5 Qd8 11. Be2 Be7 12. O-O O-O 13. Re1 Re8 14. Ne5 Nxe5 15.
Bxe5 Nd7 16. Bg3 h6 17. Bd3 Bxd3 18. Qxd3 b5 19. axb6 Qxb6 20. Nd2 Qb5 21. Qc2
a5 22. Ra2 Rec8 23. Rea1 Nb6 24. h3 a4 25. Bf4 Bf6 26. Be3 Rab8 27. Qd1 Rb7 28.
Qg4 Kh8 29. Qh5 Kg8 30. Qg4 Kf8 31. Qh5 Rbc7 32. Ne4 Be7 33. Nc5 Bxc5 34. dxc5
Nc4 35. Bd4 f6 36. Rxa4 e5 37. Rb4 Qd7 38. Be3 Nxe3 39. fxe3 Rxc5 40. Kh2 Kg8
41. Ra6 Kh7 42. Rab6 Rc4 43. Rb7 R8c7 44. Rxc7 Rxc7 45. Qd1 Qc6 46. Qd3+ e4 47.
Qd4 Qd6+ 48. Kg1 Qg3 49. Ra4 Rb7 50. b4 Re7 51. Ra1 Re5 52. Qd2 Rg5 53. Kh1 Qb8
54. Rb1 Qb5 55. Kg1 h5 56. Rb2 Rf5 57. Qe2 Qa4 58. Qc2 Qa7 59. Qd2 Qa1+ 60. Kh2
Rf1 61. Qe2 g6 62. h4 Rh1+ 63. Kg3 Qg1 64. Qa6 Qh2+ 65. Kf2 Qxh4+ 66. Ke2 Qe1# 0-1

[Event "Tata Steel India Blitz"]
[Site "Kolkata IND"]
[Date "2022.12.03"]
[Round "2.1"]
[White "Mamedyarov, Shakhriyar"]
[Black "Praggnanandhaa, R"]
[Result "1-0"]
[WhiteTitle "GM"]
[BlackTitle "GM"]
[WhiteElo "2740"]
[BlackElo "2684"]
[WhiteFideId "13401319"]
[BlackFideId "25059530"]
[EventDate "2022.12.03"]

1. d4 Nf6 2. c4 e6 3. Nf3 Bb4+ 4. Nbd2 O-O 5. a3 Be7 6. e4 d6 7. Qc2 Nfd7 8. b3
e5 9. Bb2 exd4 10. Nxd4 Bf6 11. Be2 a5 12. O-O Re8 13. Rad1 Nc6 14. Nb5 Bxb2 15.
Qxb2 Nc5 16. Qc2 Bd7 17. Rfe1 Ne5 18. Nc3 Bc6 19. Nf1 Qg5 20. Ne3 Ng6 21. Ned5
Rac8 22. g3 Bxd5 23. cxd5 Qf6 24. f4 c6 25. dxc6 bxc6 26. Bc4 Rcd8 27. Qd2 Nf8
28. Kg2 Qe7 29. b4 axb4 30. axb4 Nce6 31. b5 d5 32. exd5 cxd5 33. Bxd5 Qc5 34.
Qd3 Ng6 35. Qc4 Qb6 36. Bxe6 fxe6 37. Rxd8 Rxd8 38. Qxe6+ Qxe6 39. Rxe6 Rd2+ 40.
Kf3 Rxh2 41. b6 Rb2 42. Nd5 Rb5 43. Ke4 Nf8 44. Re7 h5 45. b7 Rb3 46. Kd4 Kh7
47. Kc5 Ng6 48. Rd7 Nf8 49. Re7 Ng6 50. Rc7 Nf8 51. Kc4 Rb1 52. Nb4 Rc1+ 53. Kd3
Rxc7 54. b8=Q Rf7 55. Qe5 g6 56. Nd5 1-0

[Event "Tata Steel India Blitz"]
[Site "Kolkata IND"]
[Date "2022.12.03"]
[Round "3.1"]
[White "Vidit, Santosh Gujrathi"]
[Black "Nihal, Sarin"]
[Result "1-0"]
[WhiteTitle "GM"]
[BlackTitle "GM"]
[WhiteElo "2730"]
[BlackElo "2670"]
[WhiteFideId "5029465"]
[BlackFideId "25092340"]
[EventDate "2022.12.03"]

1. e4 g6 2. d4 Bg7 3. c4 d6 4. Nc3 Nf6 5. Nf3 O-O 6. Be2 e5 7. O-O Bg4 8. d5 a5
9. Be3 Na6 10. Nd2 Bd7 11. a3 h5 12. h3 Nh7 13. b4 axb4 14. axb4 Nxb4 15. Rxa8
Qxa8 16. c5 Na6 17. cxd6 cxd6 18. Nc4 Qb8 19. Qb3 Bf6 20. Qb6 Be7 21. Rb1 Rc8
22. Qxb7 Qxb7 23. Rxb7 Rc7 24. Rb6 Nc5 25. Nxd6 Na4 26. Nxa4 Bxa4 27. Nc4 Bc5
28. Rb8+ Kg7 29. d6 Rc6 30. d7 Be7 31. Nb6 Bc2 32. Nd5 Bh4 33. Rc8 Ba4 34. d8=Q
Bxd8 35. Rxd8 Bc2 36. f3 Nf8 37. Rb8 Ne6 38. Rb6 Rc8 39. h4 Ba4 40. Rb2 Rd8 41.
Kf2 Bc6 42. Nb4 Be8 43. Nd3 1-0

[Event "Tata Steel India Blitz"]
[Site "Kolkata IND"]
[Date "2022.12.03"]
[Round "3.2"]
[White "Praggnanandhaa, R"]
[Black "Maghsoodloo, Parham"]
[Result "1-0"]
[WhiteTitle "GM"]
[BlackTitle "GM"]
[WhiteElo "2684"]
[BlackElo "2719"]
[WhiteFideId "25059530"]
[BlackFideId "12539929"]
[EventDate "2022.12.03"]

1. Nf3 d5 2. g3 c6 3. Bg2 Bg4 4. O-O Nd7 5. h3 Bh5 6. d3 e5 7. c4 dxc4 8. dxc4
Ngf6 9. Nc3 Bc5 10. Nh4 O-O 11. Qc2 Re8 12. b3 Bg6 13. Nxg6 hxg6 14. Bb2 Qe7 15.
Rad1 Rad8 16. e3 Ba3 17. Ba1 Bb4 18. Ne4 Nxe4 19. Bxe4 f5 20. Bf3 e4 21. Be2 Bd6
22. Bd4 c5 23. Bc3 Be5 24. Rd5 Bxc3 25. Qxc3 Nf6 26. Rxd8 Rxd8 27. a3 b6 28. b4
g5 29. Rb1 Qc7 30. bxc5 bxc5 31. Rb5 f4 32. exf4 gxf4 33. gxf4 Qxf4 34. Qe3 Qxe3
35. fxe3 Rd2 36. Kf1 Rc2 37. Ra5 Nd7 38. Ke1 Ra2 1-0

[Event "Tata Steel India Blitz"]
[Site "Kolkata IND"]
[Date "2022.12.03"]
[Round "3.4"]
[White "So, Wesley"]
[Black "Mamedyarov, Shakhriyar"]
[Result "0-1"]
[WhiteTitle "GM"]
[BlackTitle "GM"]
[WhiteElo "2760"]
[BlackElo "2740"]
[WhiteFideId "5202213"]
[BlackFideId "13401319"]
[EventDate "2022.12.03"]

1. e4 e5 2. Nf3 Nc6 3. Bc4 Bc5 4. c3 Nf6 5. d3 a6 6. Bg5 h6 7. Bh4 d6 8. a4 Ba7
9. Nbd2 Qe7 10. b4 a5 11. b5 Nd8 12. O-O Ne6 13. d4 exd4 14. Bxe6 Bxe6 15. Nxd4
g5 16. Bg3 h5 17. f3 h4 18. Bf2 g4 19. Be3 gxf3 20. Bg5 Rg8 21. Nxf3 O-O-O 22.
Bxh4 Rg4 23. Qd3 Rh8 24. g3 Rhxh4 25. Nxh4 Nxe4 26. Ng2 Nxc3 27. Nf4 Bxd4+ 28.
Qxd4 Ne2+ 29. Nxe2 Rxd4 30. Nxd4 Bd5 31. Rae1 Qg5 32. Rf4 Kd7 33. Nf5 Be6 34.
Ref1 c6 35. bxc6+ bxc6 36. h4 Qg6 37. Kh2 c5 38. g4 c4 39. Kg3 c3 40. Rd4 Bxf5
41. Rxf5 Qe6 42. Rdf4 c2 43. Rf1 Qe3+ 44. R5f3 c1=Q 45. Rxc1 Qxc1 46. Rxf7+ Ke6
47. Rf3 d5 0-1

[Event "Tata Steel India Blitz"]
[Site "Kolkata IND"]
[Date "2022.12.03"]
[Round "4.3"]
[White "Maghsoodloo, Parham"]
[Black "So, Wesley"]
[Result "1-0"]
[WhiteTitle "GM"]
[BlackTitle "GM"]
[WhiteElo "2719"]
[BlackElo "2760"]
[WhiteFideId "12539929"]
[BlackFideId "5202213"]
[EventDate "2022.12.03"]

1. d4 Nf6 2. c4 e6 3. Nc3 Bb4 4. Nf3 O-O 5. a3 Bxc3+ 6. bxc3 c5 7. Qc2 d5 8. e3
Nc6 9. a4 Re8 10. Be2 Na5 11. cxd5 exd5 12. dxc5 Ne4 13. Ba3 Bf5 14. Nd4 Bg6 15.
Bd3 Nc4 16. Bxc4 dxc4 17. Qb2 Qa5 18. O-O Qxc3 19. Qxc3 Nxc3 20. Rfc1 Nxa4 21.
Rxc4 b5 22. Nxb5 Bd3 23. Rxa4 Bxb5 24. Rg4 f6 25. Bb2 Kf7 26. Rb4 a6 27. h3 h5
28. Kh2 Rac8 29. Bd4 g5 30. f3 Kg6 31. h4 g4 32. Kg3 gxf3 33. gxf3 Kf5 34. e4+
Kg6 35. Kf4 Kf7 36. Rg1 Rg8 37. Rbb1 Rxg1 38. Rxg1 Rd8 39. Ke3 Rc8 40. f4 Re8
41. e5 Bc6 42. Rb1 Bb5 43. Rc1 Bc6 44. Rg1 Bb5 45. Kd2 Rd8 46. Kc3 fxe5 47. Bxe5
a5 48. Bd4 Ke6 49. Rg5 Rf8 50. Re5+ Kd7 51. f5 Rf7 52. Rd5+ Ke8 53. f6 Rd7 54.
Rxh5 Bc6 1-0

[Event "Tata Steel India Blitz"]
[Site "Kolkata IND"]
[Date "2022.12.03"]
[Round "5.3"]
[White "Praggnanandhaa, R"]
[Black "Nihal, Sarin"]
[Result "0-1"]
[WhiteTitle "GM"]
[BlackTitle "GM"]
[WhiteElo "2684"]
[BlackElo "2670"]
[WhiteFideId "25059530"]
[BlackFideId "25092340"]
[EventDate "2022.12.03"]

1. Nf3 Nf6 2. g3 g6 3. Bg2 Bg7 4. O-O O-O 5. c4 c6 6. d3 d5 7. Qc2 Re8 8. Bf4
Nbd7 9. cxd5 Nxd5 10. Bd2 e5 11. Nc3 N7f6 12. a3 a5 13. Rad1 h6 14. h3 Nc7 15.
e4 c5 16. Na4 Ne6 17. Nxc5 Nxc5 18. Qxc5 b6 19. Qe3 Nd7 20. Bc3 Bb7 21. Rfe1 Nc5
22. b4 Na4 23. Ba1 axb4 24. axb4 Qd6 25. Rb1 Rac8 26. d4 exd4 27. Nxd4 Rc4 28.
Qb3 Rxd4 29. Bxd4 Bxd4 30. Qxa4 b5 31. Qxb5 Bc6 32. e5 Bxf2+ 33. Kh2 Bxb5 34.
exd6 Rxe1 35. Rxe1 Bxe1 36. Bf1 Bd7 37. b5 Bb4 38. b6 Bxd6 39. b7 Bc6 40. Bg2
Bxg2 41. Kxg2 f5 42. Kf3 Kf7 43. g4 Ke6 44. h4 h5 0-1

[Event "Tata Steel India Blitz"]
[Site "Kolkata IND"]
[Date "2022.12.03"]
[Round "5.4"]
[White "Mamedyarov, Shakhriyar"]
[Black "Maghsoodloo, Parham"]
[Result "1/2-1/2"]
[WhiteTitle "GM"]
[BlackTitle "GM"]
[WhiteElo "2740"]
[BlackElo "2719"]
[WhiteFideId "13401319"]
[BlackFideId "12539929"]
[EventDate "2022.12.03"]

1. b3 Nf6 2. Bb2 c5 3. e3 Nc6 4. Nf3 d5 5. Bb5 Bd7 6. O-O e6 7. d3 Bd6 8. Bxc6
Bxc6 9. Ne5 Rc8 10. Nd2 b5 11. c4 a6 12. Nxc6 Rxc6 13. cxd5 exd5 14. a4 O-O 15.
axb5 axb5 16. Qf3 Qc7 17. g3 Be5 18. Rfb1 h6 19. Qe2 Rb8 20. Bxe5 Qxe5 21. d4
Qf5 22. dxc5 Rxc5 23. Rc1 Rc2 24. Qf3 Qd3 25. Rxc2 Qxc2 26. Qd1 Rc8 27. Qxc2
Rxc2 28. Rd1 1/2-1/2

[Event "Tata Steel India Blitz"]
[Site "Kolkata IND"]
[Date "2022.12.03"]
[Round "6.2"]
[White "Nihal, Sarin"]
[Black "So, Wesley"]
[Result "1-0"]
[WhiteTitle "GM"]
[BlackTitle "GM"]
[WhiteElo "2670"]
[BlackElo "2760"]
[WhiteFideId "25092340"]
[BlackFideId "5202213"]
[EventDate "2022.12.03"]

1. d4 Nf6 2. Nf3 d5 3. c3 c5 4. dxc5 e6 5. Be3 Nc6 6. b4 Be7 7. g3 Ng4 8. Bd2 b6
9. h3 Nf6 10. cxb6 Qxb6 11. Be3 Qb7 12. Nbd2 a5 13. b5 Nb8 14. a4 Nbd7 15. Bg2
O-O 16. O-O Nb6 17. Rc1 Ba3 18. Rb1 Bd7 19. Qb3 Be7 20. Ne5 Qc7 21. Nxd7 Nfxd7
22. Rfc1 Rac8 23. Qa2 Bc5 24. Bxc5 Nxc5 25. c4 Ncxa4 26. Qa3 d4 27. c5 Qe7 28.
Nb3 Nc3 29. Qxa5 Nxe2+ 30. Kh2 Nxc1 31. Rxc1 Nd5 32. b6 Nc3 33. c6 Ra8 34. Qc5
Qxc5 35. Nxc5 Ra5 36. Nd7 Re8 37. c7 1-0

[Event "Tata Steel India Blitz"]
[Site "Kolkata IND"]
[Date "2022.12.03"]
[Round "7.1"]
[White "Mamedyarov, Shakhriyar"]
[Black "Nihal, Sarin"]
[Result "1-0"]
[WhiteTitle "GM"]
[BlackTitle "GM"]
[WhiteElo "2740"]
[BlackElo "2670"]
[WhiteFideId "13401319"]
[BlackFideId "25092340"]
[EventDate "2022.12.03"]

1. d4 d5 2. c4 dxc4 3. Nf3 Nf6 4. e3 e6 5. Bxc4 c5 6. O-O a6 7. Nc3 b5 8. Bb3
Bb7 9. e4 cxd4 10. Nxd4 Nbd7 11. Qe2 Bd6 12. f4 b4 13. e5 Bc5 14. Be3 bxc3 15.
exf6 Qxf6 16. bxc3 O-O 17. Rad1 Qe7 18. f5 Bxd4 19. Bxd4 e5 20. Rfe1 Rfe8 21.
Be3 Nf6 22. c4 h6 23. c5 Red8 24. Qc4 Rac8 25. Rxd8+ Rxd8 26. c6 Bc8 27. Bb6 Re8
28. c7 Bxf5 29. Rd1 Be6 30. Qc6 Bxb3 31. axb3 Kh7 32. Rd8 Qb4 33. Qc2+ Ne4 34.
Bf2 Re6 35. c8=Q Rf6 36. Rh8+ Kg6 37. Qg4# 1-0

[Event "Tata Steel India Blitz"]
[Site "Kolkata IND"]
[Date "2022.12.03"]
[Round "7.4"]
[White "Praggnanandhaa, R"]
[Black "Vidit, Santosh Gujrathi"]
[Result "1-0"]
[WhiteTitle "GM"]
[BlackTitle "GM"]
[WhiteElo "2684"]
[BlackElo "2730"]
[WhiteFideId "25059530"]
[BlackFideId "5029465"]
[EventDate "2022.12.03"]

1. Nf3 Nf6 2. g3 c5 3. Bg2 Nc6 4. O-O e5 5. e4 d6 6. c3 Be7 7. d4 cxd4 8. cxd4
Bg4 9. Be3 d5 10. exd5 Nxd5 11. Qb3 Nxe3 12. fxe3 O-O 13. Qxb7 Rc8 14. Nxe5 Nxe5
15. dxe5 Bc5 16. Nc3 Bxe3+ 17. Kh1 Rb8 18. Qe4 Qd4 19. Rf4 Qd2 20. Rxg4 Qxb2 21.
Re1 Bd2 22. Nd5 Kh8 23. Rf1 Qxa2 24. Ne7 Rbe8 25. Nf5 g6 26. Nd6 Re7 27. Qd4 Kg8
28. Bd5 Qc2 29. Nxf7 Bc3 30. Qf2 Qxf2 31. Rxf2 Kg7 32. e6 a5 33. Rc4 Bb4 34.
Rfc2 Rb8 35. Rc7 a4 36. Rxe7 Bxe7 37. Rc7 Kf6 38. Ra7 a3 39. Nh6 Bc5 40. Ra5 Bd6
41. Ng4+ Ke7 42. Ra7+ Bc7 43. Rxc7+ Kd6 44. Rd7+ Kc5 45. e7 1-0

[Event "Tata Steel India Blitz"]
[Site "Kolkata IND"]
[Date "2022.12.03"]
[Round "8.3"]
[White "Nihal, Sarin"]
[Black "Maghsoodloo, Parham"]
[Result "1-0"]
[WhiteTitle "GM"]
[BlackTitle "GM"]
[WhiteElo "2670"]
[BlackElo "2719"]
[WhiteFideId "25092340"]
[BlackFideId "12539929"]
[EventDate "2022.12.03"]

1. d4 Nf6 2. Nf3 d5 3. c3 h6 4. Bf4 a6 5. Nbd2 Bf5 6. e3 e6 7. Qb3 Ra7 8. c4 Bd6
9. Bg3 O-O 10. Rc1 a5 11. a3 a4 12. Qc3 c6 13. Be2 Bxg3 14. hxg3 Nbd7 15. O-O
Qa5 16. Rfd1 Rb8 17. Ne1 Nb6 18. Qxa5 Rxa5 19. Nd3 Nfd7 20. f3 dxc4 21. Nxc4
Nxc4 22. Rxc4 e5 23. Nxe5 Nxe5 24. dxe5 Rxe5 25. Kf2 Be6 26. Rcd4 Kf8 27. e4 Rc5
28. R1d2 b5 29. f4 g6 30. g4 Bb3 31. f5 Kg7 32. Rd6 Re8 33. Bf3 Rc4 34. Ke3 c5
35. f6+ Kh7 36. Rd7 Rc1 37. Re7 Rb8 38. e5 b4 39. Bd5 bxa3 40. Rxf7+ Kh8 41.
bxa3 c4 42. Be6 c3 43. Rdd7 Re1+ 44. Kf2 1-0

[Event "Tata Steel India Blitz"]
[Site "Kolkata IND"]
[Date "2022.12.03"]
[Round "8.4"]
[White "Vidit, Santosh Gujrathi"]
[Black "So, Wesley"]
[Result "1/2-1/2"]
[WhiteTitle "GM"]
[BlackTitle "GM"]
[WhiteElo "2730"]
[BlackElo "2760"]
[WhiteFideId "5029465"]
[BlackFideId "5202213"]
[EventDate "2022.12.03"]

1. d4 Nf6 2. c4 e6 3. Nf3 d5 4. g3 Be7 5. Bg2 O-O 6. O-O dxc4 7. Qc2 a6 8. a4
Bd7 9. Qxc4 Bc6 10. Bg5 Nbd7 11. Rd1 h6 12. Bxf6 Nxf6 13. Nc3 Bd5 14. Qd3 Bxf3
15. Bxf3 c6 16. e3 a5 17. h4 Qb6 18. h5 Rfd8 19. Kg2 Rd7 20. Qc2 Rad8 21. Rac1
c5 22. dxc5 Qxc5 23. Rxd7 Rxd7 24. Nb5 b6 25. Qb1 Qe5 26. Rc8+ Rd8 27. Qc2 Rxc8
28. Qxc8+ Bf8 29. Nd4 Qc5 30. Nc6 Nh7 31. Na7 Qf5 32. g4 Qf6 33. b3 Ng5 34. Qb7
Bc5 35. Nb5 Qe5 36. Qc8+ Kh7 37. Qd7 Kg8 38. Qd8+ Kh7 39. Qd3+ Kg8 40. Be2 Qe4+
41. Qxe4 Nxe4 42. Bd3 Nd6 43. Nxd6 Bxd6 1/2-1/2

[Event "Tata Steel India Blitz"]
[Site "Kolkata IND"]
[Date "2022.12.03"]
[Round "9.5"]
[White "Mamedyarov, Shakhriyar"]
[Black "Vidit, Santosh Gujrathi"]
[Result "0-1"]
[WhiteTitle "GM"]
[BlackTitle "GM"]
[WhiteElo "2740"]
[BlackElo "2730"]
[WhiteFideId "13401319"]
[BlackFideId "5029465"]
[EventDate "2022.12.03"]

1. d4 Nf6 2. c4 e6 3. Nf3 d5 4. Nc3 c6 5. e3 Nbd7 6. Bd3 dxc4 7. Bxc4 b5 8. Bd3
Bd6 9. Qc2 Bb7 10. a3 O-O 11. b4 a5 12. Rb1 axb4 13. axb4 Qe7 14. O-O Bxb4 15.
e4 Bxc3 16. Qxc3 c5 17. e5 Nd5 18. Qc2 h6 19. Bxb5 cxd4 20. Qe4 Nc3 21. Qxb7
Rfb8 22. Bxd7 Rxb7 23. Rxb7 Ne2+ 24. Kh1 Ra1 25. Bc6 Qc5 26. Rc7 Qb6 27. Rc8+
Kh7 28. h4 g6 29. Be4 Qa6 30. Ra8 Ng3+ 31. Kh2 Qxf1 32. Rxa1 Nxe4 33. Be3 Qxa1 0-1

[Event "Tata Steel India Blitz"]
[Site "Kolkata IND"]
[Date "2022.12.04"]
[Round "10.1"]
[White "Maghsoodloo, Parham"]
[Black "Vidit, Santosh Gujrathi"]
[Result "1/2-1/2"]
[WhiteTitle "GM"]
[BlackTitle "GM"]
[WhiteElo "2719"]
[BlackElo "2730"]
[WhiteFideId "12539929"]
[BlackFideId "5029465"]
[EventDate "2022.12.03"]

1. d4 d5 2. c4 c6 3. e3 Nf6 4. Nc3 e6 5. Qc2 Nbd7 6. Nf3 Bd6 7. g3 O-O 8. Bg2 b6
9. O-O Ba6 10. b3 dxc4 11. Rd1 cxb3 12. axb3 Bb7 13. e4 Bb4 14. e5 Bxc3 15. Qxc3
Nd5 16. Qc2 h6 17. Ba3 c5 18. Nd2 Rc8 19. Nc4 Rc7 20. Qd2 Qa8 21. Nd6 Bc6 22.
Rac1 Rd8 23. h4 Ne7 24. Bxc6 Nxc6 25. Qf4 Rf8 26. Bb2 cxd4 27. Bxd4 Nxd4 28.
Qxd4 Rxc1 29. Rxc1 Qf3 30. Rc3 Qh5 31. Re3 Qg6 32. Kg2 Qc2 33. b4 Qc6+ 34. Kg1
a5 35. bxa5 bxa5 36. Rc3 Qb6 37. Qxb6 Nxb6 38. Rc7 a4 39. Rb7 Nd5 40. Ra7 Nc3
41. Kg2 h5 42. f4 g6 43. Kf3 Kg7 44. Ke3 Nd5+ 45. Kd4 Nb6 46. Kc5 Nd5 47. Rxa4
Ne3 48. Ra3 Nf5 49. Nxf5+ gxf5 50. Kd4 1/2-1/2

[Event "Tata Steel India Blitz"]
[Site "Kolkata IND"]
[Date "2022.12.04"]
[Round "10.4"]
[White "So, Wesley"]
[Black "Praggnanandhaa, R"]
[Result "1-0"]
[WhiteTitle "GM"]
[BlackTitle "GM"]
[WhiteElo "2760"]
[BlackElo "2684"]
[WhiteFideId "5202213"]
[BlackFideId "25059530"]
[EventDate "2022.12.03"]

1. b3 d5 2. Nf3 Bf5 3. Bb2 e6 4. d3 Nf6 5. g3 h6 6. Bg2 Be7 7. O-O O-O 8. Nbd2
Bh7 9. Ne5 Nbd7 10. e4 c6 11. Qe2 a5 12. a3 Re8 13. Kh1 Bf8 14. f4 a4 15. b4 c5
16. Nxd7 Nxd7 17. b5 c4 18. dxc4 Rc8 19. Rac1 Nb6 20. cxd5 exd5 21. c4 dxe4 22.
f5 Qd3 23. Qxd3 exd3 24. Bxb7 Rc7 25. Be4 Bc5 26. Rf3 Rce7 27. Rxd3 f6 28. Bd4
Bxd4 29. Rxd4 Rc7 30. c5 Re5 31. Bc6 Nc8 32. b6 Rxc6 33. b7 Rexc5 34. Rxc5 Rxc5
35. Rd8+ Kf7 36. Rxc8 1-0

[Event "Tata Steel India Blitz"]
[Site "Kolkata IND"]
[Date "2022.12.04"]
[Round "11.5"]
[White "Praggnanandhaa, R"]
[Black "Mamedyarov, Shakhriyar"]
[Result "1/2-1/2"]
[WhiteTitle "GM"]
[BlackTitle "GM"]
[WhiteElo "2684"]
[BlackElo "2740"]
[WhiteFideId "25059530"]
[BlackFideId "13401319"]
[EventDate "2022.12.03"]

1. Nf3 Nf6 2. g3 g6 3. Bg2 Bg7 4. O-O O-O 5. c4 d6 6. Nc3 e5 7. d3 Nc6 8. Rb1 a5
9. a3 Re8 10. Bg5 h6 11. Bxf6 Bxf6 12. Nd2 Bg7 13. Nd5 Ne7 14. b4 axb4 15. axb4
c6 16. Nxe7+ Rxe7 17. b5 d5 18. Qc2 Be6 19. Rfc1 f5 20. Nb3 e4 21. Rd1 Qe8 22.
cxd5 cxd5 23. dxe4 dxe4 24. Nd4 Rc8 25. Qa4 Bc4 26. e3 Bd3 27. Rbc1 Rd8 28. Bf1
Bxd4 29. Bxd3 exd3 30. exd4 d2 31. Qa2+ Kh7 32. Rxd2 f4 33. gxf4 Re1+ 34. Rxe1
Qxe1+ 35. Kg2 Qe4+ 36. Kg3 Rf8 37. h3 h5 38. Re2 h4+ 39. Kh2 Qxf4+ 40. Kg1 Qg5+
41. Kh2 Qf4+ 42. Kg1 Qg5+ 43. Kh2 Qf4+ 44. Kg1 Qxd4 45. Qe6 Kh6 46. Qe7 Rf5 47.
Qe8 Rg5+ 48. Kf1 Qd1+ 49. Re1 Qd3+ 50. Re2 Qxh3+ 51. Ke1 Qc3+ 52. Kf1 Rf5 53.
Re3 Qc2 54. Qh8+ Kg5 55. Qd8+ Kh5 56. Qh8+ Kg4 57. Qd4+ Kh5 58. Qh8+ Kg5 59.
Qd8+ 1/2-1/2

[Event "Tata Steel India Blitz"]
[Site "Kolkata IND"]
[Date "2022.12.04"]
[Round "12.1"]
[White "Nihal, Sarin"]
[Black "Vidit, Santosh Gujrathi"]
[Result "1-0"]
[WhiteTitle "GM"]
[BlackTitle "GM"]
[WhiteElo "2670"]
[BlackElo "2730"]
[WhiteFideId "25092340"]
[BlackFideId "5029465"]
[EventDate "2022.12.03"]

1. Nf3 d5 2. e3 Nf6 3. c4 e6 4. Nc3 Bd6 5. b3 O-O 6. Bb2 Re8 7. d4 b6 8. Rc1 a6
9. cxd5 exd5 10. g3 Bg4 11. Bg2 Nbd7 12. O-O c6 13. Ne2 Rc8 14. h3 Bf5 15. Nf4
h6 16. Nd3 Be4 17. Qe2 c5 18. dxc5 bxc5 19. Rfd1 Qb6 20. Nd2 Bxg2 21. Kxg2 Qb7
22. Qf3 Ne4 23. Kg1 a5 24. Nxe4 Rxe4 25. Nf4 Bxf4 26. gxf4 f6 27. Qg4 Rce8 28.
Qf5 Nb6 29. Rxc5 Kh8 30. Bd4 Qa6 31. Rdc1 Rg8 32. Rc6 Rxd4 33. exd4 Qb5 34. Qe6
Na8 35. Rc8 Qd3 36. Qxg8# 1-0

[Event "Tata Steel India Blitz"]
[Site "Kolkata IND"]
[Date "2022.12.04"]
[Round "12.2"]
[White "Mamedyarov, Shakhriyar"]
[Black "So, Wesley"]
[Result "0-1"]
[WhiteTitle "GM"]
[BlackTitle "GM"]
[WhiteElo "2740"]
[BlackElo "2760"]
[WhiteFideId "13401319"]
[BlackFideId "5202213"]
[EventDate "2022.12.03"]

1. d4 Nf6 2. c4 g6 3. g3 c6 4. Bg2 d5 5. Qa4 dxc4 6. Qxc4 Bg7 7. Nf3 O-O 8. O-O
Bf5 9. Nc3 Ne4 10. e3 Nd7 11. Rd1 Nxc3 12. bxc3 Be4 13. Ba3 Nb6 14. Qe2 Re8 15.
c4 Nd7 16. Bh3 c5 17. Ng5 Bc6 18. Rab1 cxd4 19. exd4 Qa5 20. d5 Ba4 21. Re1 Nc5
22. Qf3 Bf6 23. Bxc5 Bxg5 24. Bd4 Bc2 25. Ra1 Bf6 26. Bxf6 exf6 27. Rxe8+ Rxe8
28. Bf1 Kg7 29. d6 Bf5 30. Rd1 Qb6 31. Qd5 Be6 32. c5 Qb4 33. Qd4 Qxd4 34. Rxd4
Bd7 35. h4 Re1 36. f3 Rc1 37. Rc4 Ra1 38. Rb4 Bc6 39. Rb2 Rc1 40. Rd2 Bd7 41.
Rd5 Kf8 42. Kf2 Ke8 43. Bd3 Bc6 44. Rd4 Rxc5 45. Be4 Kd7 46. Bd3 Rd5 47. Rxd5
Bxd5 48. Ke3 Bxa2 49. Kd4 0-1

[Event "Tata Steel India Blitz"]
[Site "Kolkata IND"]
[Date "2022.12.04"]
[Round "12.5"]
[White "Maghsoodloo, Parham"]
[Black "Praggnanandhaa, R"]
[Result "0-1"]
[WhiteTitle "GM"]
[BlackTitle "GM"]
[WhiteElo "2719"]
[BlackElo "2684"]
[WhiteFideId "12539929"]
[BlackFideId "25059530"]
[EventDate "2022.12.03"]

1. c4 e5 2. Nc3 Nf6 3. Nf3 Nc6 4. e3 Bb4 5. Qc2 Bxc3 6. bxc3 O-O 7. Be2 d6 8. e4
Ne8 9. d4 h6 10. O-O f5 11. dxe5 dxe5 12. Ba3 Rf7 13. Rad1 Qf6 14. c5 Rb8 15.
Nd2 Be6 16. Bc4 Bxc4 17. Nxc4 Qe6 18. Ne3 fxe4 19. c4 Nd4 20. Qd2 Nf6 21. Bb2
Rd8 22. Qa5 0-1